000 00744nam a2200217Ii 4500
003 JO-AjNU
008 230605s9999||||xx |||||||||||||| ||und||
017 _a2010/8459
020 _a978-977-287-950-7
040 _aJO-AjNU
_bara
_erda
_cJO-AjNU
041 _aara
050 1 4 _aTK7887.A22 2010
100 3 _aبسيوني، عبدالحميد,
_eauthor
_944541
245 0 0 _aصيانة واعطال البلورة السائلة في الحسب والتليفزيون
264 3 1 _aالقاهرة: دار الكتب العلمية للنشر ،2010
300 _a272ص
336 _atext
_btxt
_2rdacontent
337 _aunmediated
_bn
_2rdamedia
338 _avolume
_bnc
_2rdacarrier
650 4 _aالبلورة السائلة
_944542
999 _aA19240
_c22808
_d22808